Preparing a succesful business plan / (Record no. 577)

MARC details
000 -LEADER
fixed length control field 00810nam a22001697a 4500
008 - FIXED-LENGTH DATA ELEMENTS--GENERAL INFORMATION
fixed length control field 120202t xxu||||| |||| 00| 0 eng d
020 ## - INTERNATIONAL STANDARD BOOK NUMBER
International Standard Book Number 9988070853
050 ## - LIBRARY OF CONGRESS CALL NUMBER
Classification number HD62.5.A55
100 ## - MAIN ENTRY--PERSONAL NAME
Personal name Touchie, Rodger D.
245 ## - TITLE STATEMENT
Title Preparing a succesful business plan /
Statement of responsibility, etc. Rodger D.Touchie
250 ## - EDITION STATEMENT
Edition statement 4th ed.
260 ## - PUBLICATION, DISTRIBUTION, ETC.
Place of publication, distribution, etc. Bellingham:
Name of publisher, distributor, etc. Self Counsel Press;
Date of publication, distribution, etc. 2005.
300 ## - PHYSICAL DESCRIPTION
Extent 181 p.:
Other physical details ill.;
Dimensions 24cm
500 ## - GENERAL NOTE
General note Includes index.
505 ## - FORMATTED CONTENTS NOTE
Formatted contents note COntents: Introduction -- Getting strated: The Basic elements of business planning -- The Company and its product -- The Marketing plan -- The Financial plan -- The Team profile -- Concluding remarks and Appendixes -- The Executive summary -- Presenting an impressive document -- Common misconceptions in business planning -- Conclusion -- Appendixes.
942 ## - ADDED ENTRY ELEMENTS (KOHA)
Source of classification or shelving scheme Library of Congress Classification
Koha item type Books
Holdings
Withdrawn status Lost status Source of classification or shelving scheme Damaged status Not for loan Home library Current library Shelving location Date acquired Total Checkouts Full call number Barcode Date last seen Price effective from Koha item type
    Library of Congress Classification     WISCONSIN INTERNATIONAL UNIVERSITY COLLEGE, GHANA - MAIN LIBRARY WISCONSIN INTERNATIONAL UNIVERSITY COLLEGE, GHANA - MAIN LIBRARY General Stacks 02/02/2012   HD62.5.A55 1518/12 02/02/2012 02/02/2012 Books
    Library of Congress Classification     WISCONSIN INTERNATIONAL UNIVERSITY COLLEGE, GHANA - MAIN LIBRARY WISCONSIN INTERNATIONAL UNIVERSITY COLLEGE, GHANA - MAIN LIBRARY General Stacks 02/02/2012   HD62.5.A551 1519/12 02/02/2012 02/02/2012 Books
    Library of Congress Classification     WISCONSIN INTERNATIONAL UNIVERSITY COLLEGE, GHANA - MAIN LIBRARY WISCONSIN INTERNATIONAL UNIVERSITY COLLEGE, GHANA - MAIN LIBRARY General Stacks 02/02/2012   HD62.5.A552 1520/12 02/02/2012 02/02/2012 Books

If you have any concerns or questions; kindly contact the library


© Powered by WIUC ICT DIRECTORATE